Libro de lectura para la enseñanza del castellano

Shranjeno v:
Bibliografske podrobnosti
Glavni avtor: Pinochet Le-Brun, Fidel (Author)
Format: Knjiga
Jezik:španščina
Izdano: Santiago Universo 1922
Izdaja:10a. ed
Teme:
Oznake: Označite
Brez oznak, prvi označite!

MARC

LEADER 00000nam a2200000 a 4500
001 UCZ8591
003 CL-VaPUC
008 960121e19220000CL |||||||||||||||||spa|d
082 0 4 |a 372.4  |b PIN  |2 21 
100 |a Pinochet Le-Brun, Fidel  |e author  |9 353933 
245 1 0 |a Libro de lectura para la enseñanza del castellano 
250 |a 10a. ed 
300 |a v 
942 |c BK 
945 |d 19960121 00:00:00  |a lriquelm 
260 |a Santiago  |b Universo  |c 1922 
500 |a v.1: Primer año de preparatoria 
500 |a v.6: Tercer año de humanidades 
650 0 |a Lectura  |9 307634 
650 0 |a Enseñanza de la lectura  |9 308364 
650 0 |a Educación básica   |9 224933 
650 0 |a Planificación de la educación   |9 307333 
650 0 |a Métodos de enseñanza  |9 270413 
583 |a last modification  |c 19960121 00:00:00  |k Rodrigo Vera 
999 |c 244451  |d 244449 
952 |0 0  |1 0  |4 0  |6 372_400000000000000_PIN_1922  |7 0  |8 P  |9 258515  |a BIBEDU  |b BIBEDU  |c BIBEDU_PB  |d 2019-11-19  |h v.1  |i 1619543  |o 372.4 PIN 1922  |p 1619543  |r 2024-01-25  |w 2019-11-19  |y BK  |k EDU 
952 |0 0  |1 0  |4 0  |6 372_400000000000000_PIN_1922  |7 0  |8 P  |9 258516  |a BIBEDU  |b BIBEDU  |c BIBEDU_PB  |d 2019-11-19  |h v.6  |i 1619497  |o 372.4 PIN 1922  |p 1619497  |r 2024-01-25  |w 2019-11-19  |y BK  |k EDU